Ground breaking demonstration buildings to be unveiled at OFFSITE2007 (Record no. 77937)

MARC details
000 -LEADER
fixed length control field 00947cab a2200205 4500
001 - CONTROL NUMBER
control field ##L135560
008 - FIXED-LENGTH DATA ELEMENTS--GENERAL INFORMATION
fixed length control field 061108n2006 000 0 eng u
035 ## - SYSTEM CONTROL NUMBER
System control number (Sirsi) u135560
041 0# - LANGUAGE CODE
Language code of text/sound track or separate title eng
110 2# - MAIN ENTRY--CORPORATE NAME
Corporate name or jurisdiction name as entry element Building Research Establishment
245 00 - TITLE STATEMENT
Title Ground breaking demonstration buildings to be unveiled at OFFSITE2007
260 ## - PUBLICATION, DISTRIBUTION, ETC.
Date of publication, distribution, etc. 2006
490 #0 - SERIES STATEMENT
Series statement BRE News Release
Volume/sequential designation 24 October 2006
520 ## - SUMMARY, ETC.
Summary, etc. The pioneering, full scale demonstration buildings will include three innovative houses from sponsors Hanson, Spaceover and Osborne and a school of the future by Re-Thinking. The buildings will show how modern methods of construction can achieve higher levels of performance than conventional methods.
590 ## - LOCAL NOTE (RLIN)
Local note IKA141106
651 #4 - SUBJECT ADDED ENTRY--GEOGRAPHIC NAME
Geographic name United Kingdom
Chronological subdivision
690 ## - LOCAL SUBJECT ADDED ENTRY--TOPICAL TERM (OCLC, RLIN)
Topical term or geographic name as entry element BUILT ENVIRONMENT-CONSTRUCTION DESIGN
856 40 - ELECTRONIC LOCATION AND ACCESS
Uniform Resource Identifier <a href="https://www.bre.co.uk/newsdetails.jsp?id=417">https://www.bre.co.uk/newsdetails.jsp?id=417</a>
Public note View the item free of charge at www.bre.co.uk...
942 ## - ADDED ENTRY ELEMENTS (KOHA)
Suppress in OPAC 0
Holdings
Withdrawn status Lost status Source of classification or shelving scheme Damaged status Not for loan Home library Current library Shelving location Date acquired Total Checkouts Full call number Barcode Date last seen Copy number Price effective from Koha item type
    Dewey Decimal Classification     Virtual Virtual Online 08/11/2006   ONLINE PUBLICATION 135560-2001 06/08/2019 1 06/08/2019 Journal article